Squadra dell'anno UEFA 2020 - Statistics

Statistiche generali
  • Questo quiz è stato fatto 16 volte
  • Il punteggio medio è 10 su 11
Statistiche sulle risposte
Ruolo Nazione Squadra Giocatore % Corretto
Portiere Germania Bayern Monaco Manuel Neuer
100%
Difensore Paesi Bassi Liverpool Virgil van Dijk
100%
Attaccante Portogallo Juventus Cristiano Ronaldo
93%
Centrocampista Belgio Manchester City Kevin De Bruyne
93%
Attaccante Brasile Paris Saint-Germain Neymar
93%
Attaccante Polonia Bayern Monaco Robert Lewandowski
93%
Difensore Spagna Real Madrid Sergio Ramos
93%
Centrocampista Argentina Barcellona Lionel Messi
87%
Difensore Canada Bayern Monaco Alphonso Davies
73%
Centrocampista Spagna Bayern Monaco / Liverpool Thiago Alcántara
67%
Difensore Germania Bayern Monaco Joshua Kimmich
60%
Nessun quiz corrispondente trovato
Distribuzione punteggi
Percentuale di utenti per punteggio
Percentile per numero di risposta
I tuoi punteggi nel tempo
Non hai fatto questo quiz